000 01199cam a22003495a 4500
001 12923301
003 EG-ScBUE
005 20220405120529.0
008 020909s2002 enk f b 000 0aeng d
020 _a9780141183046
040 _aDLC
_beng
_erda
_cDLC
_dDLC
_dEG-ScBUE
041 1 _aeng
_hpor
082 0 4 _a869.141
_222
_bPES
100 1 _aPessoa, Fernando,
_d1888-1935,
_eauthor.
_939190
240 1 0 _aLivro do desassossego.
_lEnglish
245 1 4 _aThe book of disquiet /
_cFernando Pessoa ; edited and translated by Richard Zenith.
264 1 _aLondon :
_bPenguin Books,
_c2002.
300 _axxxii, 508 pages ;
_c20 cm.
336 _2rdacontent
_atext
_btxt
337 _2rdamedia
_aunmediated
_bn
338 _2rdacarrier
_avolume
_bnc
490 0 _aModern classics
504 _aIncludes bibliographical references.
546 _aText in English ; translated from the original Portuguese.
600 1 7 _aPessoa, Fernando,
_d1888-1935.
_2BUEsh
_939190
650 7 _aPoets, Portuguese
_y20th century
_vBiography.
_2BUEsh
_939191
651 _2BUEsh
653 _cJanuary2016
_bGGEN
655 _vReading book
_934232
700 1 _aZenith, Richard,
_eeditor,
_etranslator.
942 _2ddc
_cBB
999 _c20155
_d20127